000 00574nam a2200181Ia 4500
008 090123s9999 xx 000 0 und d
082 _b3993
_a891.463/दसनूरकर
100 _aदसनुरकर स्नेहलता
245 _aस्वामिनी
250 _a1
260 _bसुलभ मु.
_c1975
300 _a231
600 _aदसनुरकर स्नेहलता
630 _aस्वामिनी
700 _aदसनुरकर स्नेहलता
730 _aस्वामिनी
942 _cBOOK
999 _c42070
_d42070